00696 2200193 4500001002100000005001500021035002000036008004100056245005400097100001600151250000600167260003500173300001200208084001400220082000800234650001400242520023400256990001200490INLIS00000000000127120240712101847 a0010-0524000506240712 0 ind 1 aMisteri Malam Pertama Di Alam Kubur /cAbu Khalid aKhalid, Abu a1 aJombang :bLintas Media,c2013 a128 hlm a200 ABU m a200 4aNon Fiksi aBuku ini menjelaskan mengenai peringatan sebelum datangnya maut, malaikat, malam atau hari pertama di alam kubur, alam kubur adalah hak benar adanya, kisah mereka yang mendapat nikmat atau siksa kubur, azab kubur benar-benar ada, a0744143